000 00770nam a22002297a 4500
003 UA-OsUOA
001 102955
007 ta
008 20131007b un ||||| |||| 00| 0 ukr d
100 _aГолинська О.В.
700 _aШапоренко О.О.
090 _a330(477)
_bГ60
942 _cSA
040 _aUA-OsUOA
_bukr
_cUA-OsUOA
_dUA-OsUOA
245 _aДержавне управління бюджетом із допомогою прорамно-цільового методу: проблеми та шляхи їх розв'язання
300 _aС.70-89
955 _a0
041 _aukr
080 _a330(477)
773 0 _w102950
_tФінанси України
_dК.
_d2013
_g4
650 7 _a330 Економіка взагалі
_2UDC
999 _c389163
_d389163